1945 1386 1216 1169 1480 1198 1094 1312 1309 1971 1078 1828 1111 1026 1176 1676 1820 1981 1792 1871 1287 1341 1075 1359 1182 1970 1115 1137 1573 1688 1458 1870 1425 1313 1000 1488 1252 1668 1481 1711 1358 1925 1477 1700 1226 1799 1752 1962 1520 1393 1457 1807 1711 1036 1502 1855 1429 1333 1842 1957 1421 1753 1424 1350 1989 1463 1625 1155 1744 1527 1941 1105 1161 1275 1471 1070 1987 1064 1537 1354 1158 1971 1088 1118 1318 1077 1027 1628 1621 1190 1134 1985 1083 1531 1464 1144 1704 1406 1241 BCNSPRNW ULIB Ver.6.0+V

เปลี่ยนเป็นภาษาไทย

Change to English
 แสดงรายละเอียดบรรณานุกรม
  กลับหน้าหลัก

Brief Record : Get Marc (ISO 2709) : E-mail record : QR code < ปิดหน้าต่าง
LEADER : 00000nam 2200000uu 4500
001    13399113600
003     ULIB
008    111128s2551||||th 000 0 tha d
020    ^a9789741367979
090    ^aนว.^bณ111ร 2551
100 0  ^aฌามิวอาห์&เจ้าหญิงผู้เลอโฉม
245 00 ^aTi Amo...รักเธอรสช็อกโกแลต/^cฌามิวอาห์&เจ้าหญิงผู้เลอโฉม
250    ^aพิมพ์ครั้งที่ 1
260    ^aกรุงเทพฯ :^bแจ่มใส,^c2551
300    ^a286 หน้า
710 1  ^aแจ่มใส
945    ^p189^l0^i15033
995    ^aทศพร
999    ^aใช้งานได้ทุกระบบ
รายการนี้ยังไม่มีแท็ก
คุณยังไม่ได้ล็อกอิน คุณสามารถมีกิจกรรมร่วมกับเว็บไซต์ได้ แต่ต้องล็อกอินก่อน ::
  ล็อกอิน

รายการสื่อสารสนเทศ

ลำดับที่ ประเภท เลขเรียก/บาร์โค้ด สถานที่ สถานะ
1. นวนิยาย
นวนิยาย
นว. ณ111ร 2551 ฉ.1 
  Barcode: 15033
ห้องสมุดวิทยาเขตสวรรค์ประชารักษ์
►นวนิยาย
บนชั้น
  ขอยืม

BibComment


ยังไม่เคยถูกคอมเมนท์

คอมเมนท์ทรัพยากรรายการนี้
  คอมเมนท์: Ti Amoรักเธอรสช็..


 Copyright 2026. Bcnsprnw @Library